Satyen Bose in Dhaka / (Record no. 22879)

MARC details
000 -LEADER
fixed length control field 01120cam a2200349 a 4500
001 - CONTROL NUMBER
control field 3994207
003 - CONTROL NUMBER IDENTIFIER
control field BDDh-ASL
005 - DATE AND TIME OF LATEST TRANSACTION
control field 20231015030153.0
008 - FIXED-LENGTH DATA ELEMENTS--GENERAL INFORMATION
fixed length control field 950914s1994 bg a b f000 0 eng
010 ## - LIBRARY OF CONGRESS CONTROL NUMBER
LC control number 95901270
020 ## - INTERNATIONAL STANDARD BOOK NUMBER
International Standard Book Number 9845102018
025 ## - OVERSEAS ACQUISITION NUMBER
Overseas acquisition number B-E-8437
040 ## - CATALOGING SOURCE
Original cataloging agency DLC
Transcribing agency DLC
Modifying agency BDDh-ASL
041 0# - LANGUAGE CODE
Language code of text/sound track or separate title engfreger
042 ## - AUTHENTICATION CODE
Authentication code lcode
050 00 - LIBRARY OF CONGRESS CALL NUMBER
Classification number QC3
Item number .B672 1994
082 00 - DEWEY DECIMAL CLASSIFICATION NUMBER
Classification number 925.530
Edition number 20
Item number HAS
100 1# - MAIN ENTRY--PERSONAL NAME
Personal name Bose, Satyendranath,
Dates associated with a name 1894-1974.
240 10 - UNIFORM TITLE
Uniform title Works.
Form subheading Selections.
Date of a work 1994
245 10 - TITLE STATEMENT
Title Satyen Bose in Dhaka /
Statement of responsibility, etc. A.M. Harun ar Rashid.
260 ## - PUBLICATION, DISTRIBUTION, ETC.
Place of publication, distribution, etc. Dhaka :
Name of publisher, distributor, etc. University of Dhaka,
Date of publication, distribution, etc. 1994.
300 ## - PHYSICAL DESCRIPTION
Extent 192 p. :
Other physical details ill. ;
Dimensions 25 cm.
504 ## - BIBLIOGRAPHY, ETC. NOTE
Bibliography, etc. note Includes bibliographical references.
520 ## - SUMMARY, ETC.
Summary, etc. Selected works of the author, Indian scientist, available in the Science Library, University of Dhaka, Bangladesh.
546 ## - LANGUAGE NOTE
Language note English, French, and German.
650 #0 - SUBJECT ADDED ENTRY--TOPICAL TERM
Topical term or geographic name entry element Physics.
700 0# - ADDED ENTRY--PERSONAL NAME
Personal name Harun-ar Rashid.
710 2# - ADDED ENTRY--CORPORATE NAME
Corporate name or jurisdiction name as entry element University of Dhaka.
906 ## - LOCAL DATA ELEMENT F, LDF (RLIN)
a 7
b cbc
c origode
d 3
e ncip
f 19
g y-gencatlg
942 ## - ADDED ENTRY ELEMENTS (KOHA)
Source of classification or shelving scheme Dewey Decimal Classification
Koha item type Books
Holdings
Withdrawn status Lost status Source of classification or shelving scheme Damaged status Not for loan Collection code Home library Current library Shelving location Date acquired Source of acquisition Total Checkouts Full call number Barcode Date last seen Copy number Price effective from Koha item type Public note
    Dewey Decimal Classification     Non-fiction Asiatic Society Library Asiatic Society Library Dhaka Collection 03/06/2021 ASB Library Collections   925.530 HAS 107209 03/06/2021 C-1 03/06/2021 Books RARE

Powered by Koha